<?xml version="1.0" encoding="UTF-8"?>
<collection xmlns="http://www.loc.gov/MARC21/slim">
 <record>
  <leader>02861nam a2200253 a 4500</leader>
  <controlfield tag="001">1/27648</controlfield>
  <controlfield tag="008">      s2002    lu     f      00010 gre d</controlfield>
  <datafield tag="022" ind1="0" ind2=" ">
   <subfield code="a">0254-1483</subfield>
  </datafield>
  <datafield tag="022" ind1="0" ind2=" ">
   <subfield code="a">0254-1475</subfield>
  </datafield>
  <datafield tag="028" ind1="3" ind2="1">
   <subfield code="a">KT-CO-02-581-GR-C</subfield>
  </datafield>
  <datafield tag="028" ind1="3" ind2="1">
   <subfield code="a">KT-CO-02-581-EN-C</subfield>
  </datafield>
  <datafield tag="028" ind1="3" ind2="1">
   <subfield code="a">2002/0248 (AVC)</subfield>
  </datafield>
  <datafield tag="035" ind1=" " ind2=" ">
   <subfield code="l">29509</subfield>
  </datafield>
  <datafield tag="040" ind1=" " ind2=" ">
   <subfield code="a">GR-PeUP</subfield>
  </datafield>
  <datafield tag="084" ind1="-" ind2="-">
   <subfield code="2">KET</subfield>
   <subfield code="a">COM (2002) 567 τελικό</subfield>
  </datafield>
  <datafield tag="110" ind1="2" ind2=" ">
   <subfield code="a">Επιτροπή των Ευρωπαϊκών Κοινοτήτων.</subfield>
  </datafield>
  <datafield tag="245" ind1="1" ind2="0">
   <subfield code="a">Πρόταση απόφασης του Συμβουλίου σχετικά με τη θέση της Ευρωπαϊκής Κοινότητας επί του σχεδίου κανονισμού της Οικονομικής Επιτροπής των Ηνωμένων Εθνών για την Ευρώπη περί εγκρίσεως ενιαίων διατάξεων σχετικά με την έγκριση Ι. Ειδικών συστημάτων εκ των υστέρων εξοπλισμού με υγραέριο (LPG) προς εγκατάσταση σε μηχανοκίνητα οχήματα με στόχο τη χρήση υγραερίου στο σύστημα πρόωσής τους ΙΙ. Ειδικών συστημάτων εκ των υστέρων εξοπλισμού με πεπιεσμένο φυσικό αέριο (CNG) προς εγκατάσταση σε μηχανοκίνητα οχήματα με στόχο τη χρήση πεπιεσμένου φυσικού αερίου στο σύστημα πρόωσής τους:</subfield>
   <subfield code="b">υποβληθείσα από την Επιτροπή/</subfield>
   <subfield code="c">Επιτροπή των Ευρωπαϊκών Κοινοτήτων</subfield>
  </datafield>
  <datafield tag="246" ind1="1" ind2="0">
   <subfield code="a">Proposal for a Council decision on the position of the European Community on the draft Regulation on the United Nations Economic Commission for Europe concerning the approval of uniform provisions concerning the approval of I. Specific LPG retrofit systems to be installed in motor vehicles for the use of LPG in their propulsion system II. Specific CNG retrofit systems to be installed in motor vehicles for the use of CNG in their propulsion system:</subfield>
   <subfield code="b">presented by the Commission</subfield>
  </datafield>
  <datafield tag="260" ind1="0" ind2=" ">
   <subfield code="a">Βρυξέλλες, Λουξεμβούργο:</subfield>
   <subfield code="b">Υπηρεσία Επισήμων Εκδόσεων των Ευρωπαϊκών Κοινοτήτων,</subfield>
   <subfield code="c">23.10.2002</subfield>
  </datafield>
  <datafield tag="300" ind1=" " ind2=" ">
   <subfield code="a">5 σελ.</subfield>
  </datafield>
  <datafield tag="500" ind1=" " ind2=" ">
   <subfield code="a">Δίγλωσσο</subfield>
  </datafield>
  <datafield tag="852" ind1=" " ind2=" ">
   <subfield code="a">INST</subfield>
   <subfield code="b">UNIPILB</subfield>
   <subfield code="c">KET</subfield>
   <subfield code="e">20050826</subfield>
   <subfield code="h">KET  COM (2002) 567 τελικό</subfield>
   <subfield code="p">COM (2002) 567</subfield>
   <subfield code="q">COM (2002) 567</subfield>
   <subfield code="t">NOLOAN</subfield>
   <subfield code="y">23</subfield>
   <subfield code="4">1</subfield>
  </datafield>
  <datafield tag="856" ind1="7" ind2="8">
   <subfield code="u">https://eur-lex.europa.eu/legal-content/EL/TXT/PDF/?uri=CELEX:52002PC0567&amp;qid=1551428067577&amp;from=EL</subfield>
  </datafield>
  <datafield tag="856" ind1="7" ind2="8">
   <subfield code="u">https://eur-lex.europa.eu/legal-content/EN/TXT/PDF/?uri=CELEX:52002PC0567&amp;qid=1551428067577&amp;from=EL</subfield>
  </datafield>
 </record>
</collection>
